Marki majonezu - Statystyki

Ogólne statystyki
  • Ten quiz został rozwiązany 162 razy
  • Średni wynik to 4 z 11
Statystyki odpowiedzi
Marka % Poprawnych
Winiary
94%
Kielecki
93%
Hellmann's
37%
Heinz
32%
Pudliszki
30%
Roleski
27%
Madero
22%
Kętrzyński
20%
Kania
12%
Motyl
7%
Mikado
6%
Nie znaleziono quizów pasujących do podanych kryteriów
Rozkład punktacji
Procent ludzi z każdym wynikiem
Percentyl według liczby udzielonych odpowiedzi
Twoja historia wyników
Nie rozwiązałeś tego quizu